Culture Générale - Série 761 - Statistiques

Statistiques générales
  • Ce quiz a été pris 168 fois
  • Le résultat moyen est 6 sur 10
Statistiques - réponses
Question Réponse % Correct
Dans la célèbre famille Gainsbourg, quel est le prénom de la fille de Serge née en 1971 ? Charlotte
92%
Alioth et Dubhe sont deux des sept étoiles, visibles de la constellation de la Grande... Ourse
92%
Complétez le titre du film réalisé en 1967 par Jacques Demy, "Les demoiselles ... de Rochefort
87%
Quel était l'instrument de prédilection de Miles Davis ? trompette
83%
Complétez le titre du film réalisé en 1953 par Henri-Georges Clouzot , "Le salaire ... de la peur
79%
Quel acteur américain fut le premier mari de Nicole Kidman ? Tom Cruise
66%
Quelle comédienne a marqué les esprits par sa sortie des eaux en bikini dans "James Bond contre Dr No" ? Ursula Andress
47%
Dans quelle langue la première lettre de l'alphabet est-elle "aleph" ? hébreu
37%
A quel auteur doit-on les romans "India song" et "Un Barrage contre le Pacifique" ? Marguerite Duras
32%
Comment s'appelait le cochon domestique de l'acteur George Clooney ? Max
3%
Aucun quiz correspondant
Distribution des résultats
% des personnes avec chaque résultat
Percentile par nombre de réponses
Votre historique - résultats
Vous n’avez pas pris ce quiz